San Martín (Record no. 62475)

MARC details
000 -LEADER
campo de control de longitud fija 00518nam a2200169 i 4500
001 - NÚMERO DE CONTROL
campo de control 62475
003 - IDENTIFICADOR DE NÚMERO DE CONTROL
campo de control ES-MaACL
005 - FECHA Y HORA DE LA ÚLTIMA TRANSACCIÓN
campo de control 20231205164442.0
007 - CAMPO FIJO DE DESCRIPCIÓN FÍSICA--INFORMACIÓN GENERAL
campo de control de longitud fija t|
008 - DATOS DE LONGITUD FIJA--INFORMACIÓN GENERAL
campo de control de longitud fija 031121s1950 sp ||||1| spa d
100 1# - ENTRADA PRINCIPAL--NOMBRE DE PERSONA
Nombre de persona Fernández Almagro, Melchor,
Fechas asociadas al nombre 1893-1966
9 (RLIN) 49447
245 10 - MENCIÓN DEL TÍTULO
Título San Martín
Resto del título : de Guayaquil a Boulogne-sur-Mer : (1822-1850) /
Mención de responsabilidad, etc. Melchor Fernández Almagro.
260 ## - PUBLICACIÓN, DISTRIBUCIÓN, ETC.
Lugar de publicación, distribución, etc. Madrid :
Nombre del editor, distribuidor, etc. Maestre,
Fecha de publicación, distribución, etc. 1950.
300 ## - DESCRIPCIÓN FÍSICA
Extensión 38 p. ;
Dimensiones 25 cm.
852 ## - LOCALIZACIÓN
Ubicación ES-MaACL
Número de control de estantería 1908-F-24
Sublocalización o colección R.30842
Holdings
Estatus retirado Estado de pérdida Estado de daño No para préstamo Colección Biblioteca de origen Biblioteca actual Ubicación en estantería Fecha de adquisición Fuente de adquisición Total de préstamos Signatura topográfica completa Código de barras Visto por última vez Precio de reemplazo Tipo de ítem Koha
        Colección de folletos Biblioteca del Ateneo de Madrid Biblioteca del Ateneo de Madrid Depósito folletos 17/01/2008     1908-F-24 1065500 23/02/2023 23/02/2023 Folleto